Logo CIB grande

A FISHERY MANAGER'S GUIDEBOOK (Registro nro. 233884)

Detalles MARC
000 -LEADER
campo de control de longitud fija 00461nam a2200193Ia 4500
005 - FECHA Y HORA DE LA ÚLTIMA TRANSACCIÓN
campo de control 20250425162649.0
008 - DATOS DE LONGITUD FIJA--INFORMACIÓN GENERAL
campo de control de longitud fija 250425s9999 xx 000 0 und d
020 ## - NÚMERO INTERNACIONAL ESTÁNDAR DEL LIBRO
Número Internacional Estándar del Libro 9789251059630
041 ## - CÓDIGO DE IDIOMA
Código de lengua del texto/banda sonora o título independiente eng
082 ## - NÚMERO DE LA CLASIFICACIÓN DECIMAL DEWEY
Número de clasificación 639.2
010 ## - NÚMERO DE CONTROL DE LA BIBLIOTECA DEL CONGRESO
Número de control de LC 95091
245 #0 - MENCIÓN DEL TÍTULO
Título A FISHERY MANAGER'S GUIDEBOOK
250 ## - MENCION DE EDICION
Mención de edición SECOND EDITION
260 ## - PUBLICACIÓN, DISTRIBUCIÓN, ETC.
Lugar de publicación, distribución, etc. Estados Unidos
Nombre del editor, distribuidor, etc. WILEY BLACKWELL
Fecha de publicación, distribución, etc. 2009
260 ## - PUBLICACIÓN, DISTRIBUCIÓN, ETC.
Lugar de publicación, distribución, etc. NEW YORK
300 ## - DESCRIPCIÓN FÍSICA
Extensión 518
650 ## - PUNTO DE ACCESO ADICIONAL DE MATERIA--TÉRMINO DE MATERIA
Término de materia o nombre geográfico como elemento de entrada PESQUERIA-NORMAS
942 ## - ELEMENTOS DE ENTRADA SECUNDARIOS (KOHA)
Tipo de ítem Koha Libros
Existencias
Estatus retirado Estado de pérdida Estado de daño No para préstamo Biblioteca de origen Biblioteca actual Fecha de adquisición Coste, precio normal de compra Total de préstamos Código de barras Copia número
        CENTRO NACIONAL DE INVESTIGACIONES MARINAS CENTRO NACIONAL DE INVESTIGACIONES MARINAS 29/09/2015 25.00   65392 1

Copyright 2025 ESPOL. Todos los derechos reservados.